| 000 | 02191cam a2200409 4500500 | ||
|---|---|---|---|
| 005 | 20260111112245.0 | ||
| 041 | _afre | ||
| 042 | _adc | ||
| 100 | 1 | 0 |
_aRomanzin, Bruno _eauthor |
| 245 | 0 | 0 | _aObjets autistiques et objets transitionnels |
| 260 | _c2016. | ||
| 500 | _a17 | ||
| 520 | _aÀ partir des descriptions et théorisations de Tustin et de Winnicott sur les objets autistiques et transitionnels, nous réfléchirons à partir d’illustrations cliniques de cures d’enfants autistes aux conditions favorisant le passage d’une utilisation autistique de l’objet à une utilisation transitionnelle. Le développement de nouveaux liens entre les aspects sensoriels et relationnels des objets permettrait alors la transformation de la stéréotypie autosensuelle en activité auto-érotique usant d’un objet plus différencié. | ||
| 520 | _aFrom Tustin’s and Winnicott’s descriptions and theorizations on autistic and transitional objects we reflect, with clinical illustrations stemming from treatments of children with autism, upon the circumstances facilitating a change from an autistic to a transitional use of the object. The development of new links between the sensory and relational objects would then allow a transformation of auto-sensual stereotypic movements into autoerotic activities utilizing a more differentiated object. | ||
| 690 | _aavidité orale | ||
| 690 | _adoux | ||
| 690 | _adur | ||
| 690 | _aillusion | ||
| 690 | _amoi | ||
| 690 | _anon moi | ||
| 690 | _aObjet autistique | ||
| 690 | _aobjet transitionnel | ||
| 690 | _autilisation autistique de l’objet | ||
| 690 | _autilisation transitionnelle de l’objet | ||
| 690 | _aautism using the object | ||
| 690 | _ahard | ||
| 690 | _aillusion | ||
| 690 | _ame | ||
| 690 | _anot me | ||
| 690 | _aObject autism | ||
| 690 | _aoral greed | ||
| 690 | _asoft | ||
| 690 | _atransitional | ||
| 690 | _atransitional use of the object | ||
| 786 | 0 | _nJournal de la psychanalyse de l'enfant | 6 | 1 | 2016-04-20 | p. 25-44 | 0994-7949 | |
| 856 | 4 | 1 | _uhttps://shs.cairn.info/revue-journal-de-la-psychanalyse-de-l-enfant-2016-1-page-25?lang=fr&redirect-ssocas=7080 |
| 999 |
_c1631919 _d1631919 |
||